00180nam a2200085Ia 4500008004100000041000800041100001300049245002300062260000900085230508s1990 xx 000 0 und d aeng aSEN P.C. aPOWER ELECTRONICS. c1990